| 000 | 01118nam a2200325 i 4500 | ||
|---|---|---|---|
| 003 | EG-GICUC | ||
| 005 | 20260507103507.0 | ||
| 008 | 260418s1924 be a|||fr|||| 00| 0 fre d | ||
| 040 |
_aEG-GiCUC _bfre _cEG-GiCUC _dEG-GiCUC _eRda |
||
| 041 | 0 | _afre | |
| 082 | 0 | 4 |
_221 _a343.115 _bFA |
| 092 | 0 | 4 | _221 |
| 099 | _aLaw1 10 343.115 FA 1924 | ||
| 110 | _kUnion Internationale de Droit Pénal | ||
| 245 | 0 | 2 |
_aRevue de droit pénal et de criminologie : _brecueil mensuel / _cdirecteur Braas. |
| 264 | 1 |
_aBruxelles : _bPalais de Justice, _c1924. |
|
| 300 |
_a page 389 : _billustrations ; _c 24 cm. |
||
| 336 |
_2rda contenu _a texte |
||
| 337 |
_2rda medias _aOrdinateur |
||
| 338 |
_2 transporteur rda _a Ressource en ligne |
||
| 500 | _aComprend des illustrations en couleur, des cartes, des tableaux et des graphiques. | ||
| 504 | _aBibliography: page 389 | ||
| 546 | _aTexte en français | ||
| 650 | 1 | 4 |
_aCriminal law -- Periodicals. _2qrmak |
| 651 | 1 | _2qrmak | |
| 700 | 1 |
_aBraas _eÉditeur |
|
| 856 | 4 | 0 | _uhttps://fll.law.cu.edu.eg/fulltext/bks/B10-09085.pdf |
| 905 | _a74 | ||
| 942 |
_2ddc _n0 _cBK _e21 |
||
| 999 |
_c71632 _d71632 |
||